MARC details
| 000 -CABECERA |
| campo de control de longitud fija |
01506cam a2200325 i 4500 |
| 001 - NÚMERO DE CONTROL |
| campo de control |
991061727877606706 |
| 003 - IDENTIFICADOR DEL NÚMERO DE CONTROL |
| campo de control |
ES-BaIT |
| 005 - FECHA Y HORA DE LA ÚLTIMA TRANSACCIÓN |
| campo de control |
20260227122542.0 |
| 008 - DATOS DE LONGITUD FIJA--INFORMACIÓN GENERAL |
| campo de control de longitud fija |
250922e202505 fr r 000 d fre c |
| 020 ## - NÚMERO INTERNACIONAL ESTÁNDAR DEL LIBRO |
| Número Internacional Estándar del Libro |
9782749816937 |
| 040 ## - FUENTE DE LA CATALOGACIÓN |
| Centro catalogador/agencia de origen |
ES-BaIT |
| Lengua de catalogación |
cat |
| Normas de descripción |
rda |
| Centro/agencia transcriptor |
ES-BaIT |
| 080 ## - NÚMERO DE LA CLASIFICACIÓN DECIMAL UNIVERSAL |
| Número de la Clasificación Decimal Universal |
840-2"20" |
| 100 1# - ENTRADA PRINCIPAL--NOMBRE DE PERSONA |
| Nombre de persona |
Oppecini, Alexandre |
| Término indicativo de función/relación |
autor |
| 9 (RLIN) |
168746 |
| 245 14 - MENCIÓN DE TÍTULO |
| Título |
Les Parallèles / |
| Mención de responsabilidad, etc. |
Alexandre Oppecini |
| 264 #1 - PRODUCCIÓN, PUBLICACIÓN, DISTRIBUCIÓN, FABRICACIÓN Y COPYRIGHT |
| Producción, publicación, distribución, fabricación y copyright |
Paris : |
| Nombre del de productor, editor, distribuidor, fabricante |
L'avant-scène théâtre, |
| Fecha de producción, publicación, distribución, fabricación o copyright |
mai 2025 |
| 300 ## - DESCRIPCIÓN FÍSICA |
| Extensión |
56 pàgines ; |
| Dimensiones |
21 cm |
| 336 ## - TIPO DE CONTENIDO |
| Término de tipo de contenido |
text |
| Código de tipo de contenido |
txt |
| Fuente |
rdacontent |
| 337 ## - TIPO DE MEDIO |
| Nombre/término del tipo de medio |
sense mediació |
| Código del tipo de medio |
n |
| Fuente |
rdamedia |
| 338 ## - TIPO DE SOPORTE |
| Nombre/término del tipo de soporte |
volum |
| Código del tipo de soporte |
nc |
| Fuente |
rdacarrier |
| 490 1# - MENCIÓN DE SERIE |
| Mención de serie |
L'Avant-scène théâtre; |
| Designación de volumen o secuencia |
no 1578 |
| 500 ## - NOTA GENERAL |
| Nota general |
P2: D1, H1 |
| 500 ## - NOTA GENERAL |
| Nota general |
Publicat com no 1578 (mai 2025) de la revista L'Avant-scène théâtre |
| 500 ## - NOTA GENERAL |
| Nota general |
Estrena Théâtre l'Alb'Oru (Bastia), el 18 de novembre 2022 |
| 520 ## - SUMARIO, ETC. |
| Sumario, etc. |
"À la fois crue et poétique, Les Parallèles est une fable contemporaine entre drame intime et comédie romantique. Un soir, dans une ville sans nom, Elle et Lui se croisent sur le pas d'une porte. Elle est piquante et sexy. Lui est hypersensible et timide. Si différents l'un de l'autre, ces anonymes suivent pourtant des trajectoires de vie parallèles. Et les parallèles ne se rencontrent jamais... sauf, peut-être, à l'infini"-- Contracoberta |
| 650 #0 - PUNTO DE ACCESO ADICIONAL DE MATERIA--TÉRMINO DE MATERIA |
| Término de materia o nombre geográfico como elemento de entrada |
Homes i dones |
| Subdivisión de forma |
Textos dramàtics |
| 9 (RLIN) |
87739 |
| 830 ## - PUNTO DE ACCESO ADICIONAL DE SERIE-TÍTULO UNIFORME |
| Título uniforme |
Avant-scène. |
| Nombre de parte o sección de la obra |
Théâtre |
| Designación de volumen o secuencia |
no 1578 |
| 9 (RLIN) |
168170 |
| 908 ## - COLOCAR PARÁMETRO DE COMANDO (RLIN) |
| Colocar parámetro de comando |
CDMAE |
| 940 ## - EQUIVALENCIA O REFERENCIA-CRUZADA--TÍTULO UNIFORME [OBSOLETO] [solamente CAN/MARC] |
| Título uniforme |
<a href="CDMAE">CDMAE</a> |
| 942 ## - ELEMENTOS DE ENTRADA AGREGADA (KOHA) |
| Fuente del sistema de clasificación o colocación |
Clasificación decimal universal |
| Tipo de ítem Koha |
Llibre |